|
|
|
|
| LEADER |
01572nam a22003732a 4500 |
| 001 |
001426347 |
| 003 |
CZ BrMZK |
| 005 |
20160616102734.0 |
| 007 |
ta |
| 008 |
141008s1992 xr a er|||||||||||cze d |
| 015 |
|
|
|a cnb000071726
|
| 035 |
|
|
|a (OCoLC)39571297
|
| 040 |
|
|
|a ABA001
|b cze
|
| 041 |
0 |
|
|a cze
|b eng
|b fre
|b ger
|
| 080 |
9 |
|
|a 72/76
|
| 080 |
9 |
|
|a 929Kramář,V.
|
| 100 |
1 |
|
|a Kesner, Ladislav,
|d 1928-
|7 jk01060092
|4 aut
|
| 245 |
1 |
0 |
|a Život v umění :
|b Vincenc Kramář (1877-1960) : Národní galerie v Praze : Klášter sv. Jiří Přažský hrad 28. květen-16. srpen 1992 /
|c Ladislav Kesner
|
| 250 |
|
|
|a 1. vyd.
|
| 260 |
|
|
|a Praha :
|b Národní galerie,
|c 1992
|
| 300 |
|
|
|a 1 sv. (nestr.) :
|b barev. reprodukce ;
|c 23 cm
|
| 500 |
|
|
|a Katalog výstavy
|
| 546 |
|
|
|a Anglické, francouzské a německé resumé
|
| 600 |
1 |
7 |
|a Kramář, Vincenc,
|d 1877-1960
|7 jk01062861
|2 czenas
|
| 610 |
2 |
7 |
|a Národní galerie (Praha, Česko)
|7 kn20010709071
|2 czenas
|
| 653 |
0 |
|
|a evropské výtvarné umění
|a francouzská malba
|a sběratelská činnost
|a stol. 19.-20.
|a umělecké sbírky
|a česká malba
|
| 655 |
|
7 |
|a katalogy výstav
|7 fd132536
|2 czenas
|
| 655 |
|
7 |
|a studie
|7 fd133597
|2 czenas
|
| 711 |
2 |
|
|a Život v umění: Vincenc Kramář (1877-1960)
|d (1992 :
|c Praha)
|
| 856 |
4 |
1 |
|u http://www.digitalniknihovna.cz/mzk/uuid/uuid:00a7ed00-4ee5-11e4-8344-005056827e52
|y Digitalizovaný dokument
|x NDK
|
| 910 |
|
|
|a BOA001
|b X-0983.648
|
| 990 |
|
|
|a BK
|
| 991 |
|
|
|b 201410
|
| 996 |
6 |
|
|b 2619029733
|c X-0983.648
|l MZK
|r Sklad / do 24 hodin
|n 1
|w 001461234
|u 000010
|a 1
|e BOA001
|j MZK50
|s P
|